[Event "ch-FRA Accession 2014"]
[Site "Nimes FRA"]
[Date "2014.08.26"]
[Round "9.14"]
[White "Battaglini, Gabriel"]
[Black "Meunier, Clement2"]
[Result "1-0"]
[WhiteTitle "IM"]
[WhiteElo "2431"]
[BlackElo "2219"]
[WhiteFideId "621650"]
[BlackFideId "20667930"]
[EventDate "2014.08.17"]

1. d4 Nf6 2. c4 c5 3. d5 b5 4. cxb5 a6 5. bxa6 g6 6. g3 Bxa6 7. Nc3 d6 8. Bg2
Bg7 9. Nf3 Nbd7 10. Rb1 Nb6 11. b3 Bb7 12. e4 Ba6 13. Bb2 O-O 14. a4 Qc7 15. Bf1
Bxf1 16. Kxf1 Rfb8 17. Kg2 Qb7 18. Nd2 e6 19. dxe6 fxe6 20. Re1 d5 21. exd5 exd5
22. Nb5 Rf8 23. Bxf6 Rxf6 24. Qe2 Raf8 25. Rf1 Bh6 26. Kg1 Bxd2 27. Qxd2 d4 28.
b4 Qd5 29. bxc5 Nxa4 30. Nc7 Qf7 31. Qxd4 Qxc7 32. Qxa4 Qxc5 33. Rb5 Qc6 34.
Qb3+ Kh8 35. Rb7 Qc5 36. Qb2 Kg8 37. Qa2+ R6f7 38. Rxf7 Rxf7 39. Re1 Qc3 40. Re7
Qc1+ 41. Kg2 Qc6+ 42. Kf1 Qb5+ 43. Kg1 Qf5 44. Qxf7+ Qxf7 45. Rxf7 Kxf7 46. Kg2
Kf6 47. Kf3 Kf5 48. g4+ Ke5 49. h4 h5 50. gxh5 gxh5 51. Ke3 Kf5 52. f4 Kg4 53.
Ke4 Kxh4 54. f5 Kg5 55. Ke5 h4 56. f6 h3 57. f7 h2 58. f8=Q Kg4 59. Qf4+ Kh3 60.
Qf3+ Kh4 61. Kf5 1-0

[Event "ch-FRA Accession 2014"]
[Site "Nimes FRA"]
[Date "2014.08.26"]
[Round "9.15"]
[White "Pieroni, Guillaume"]
[Black "Giroyan, Gary"]
[Result "1/2-1/2"]
[BlackTitle "IM"]
[WhiteElo "2218"]
[BlackElo "2359"]
[WhiteFideId "627933"]
[BlackFideId "680281"]
[EventDate "2014.08.17"]

1. e4 c5 2. Nf3 e6 3. d4 cxd4 4. Nxd4 d6 5. Nc3 a6 6. Be3 b5 7. Bd3 Bb7 8. Qe2
Nf6 9. a3 Nbd7 10. O-O Be7 11. Nb3 Rc8 12. f4 O-O 13. Rf3 Rxc3 14. bxc3 Nxe4 15.
Bd4 f5 16. Rh3 e5 17. Be3 Nxc3 18. Qe1 Nd5 19. c4 Nxe3 20. Qxe3 bxc4 21. Bxc4+
d5 22. Bf1 e4 23. Kh1 Nf6 24. Qa7 Qb8 25. Qxb8 Rxb8 26. Nd4 Bc5 27. Ne6 Ba7 28.
Rb3 Bc8 29. Rxb8 Bxb8 30. Nc5 a5 31. g3 d4 32. Rc1 Bd6 33. Nb3 Bd7 34. Nxd4 Bxa3
35. Rc7 Bb2 36. Bc4+ Kf8 37. Nb3 Ke7 38. Nxa5 Kd6 39. Rb7 Bd4 40. Nb3 e3 41. Kg2
Ne4 42. Kf1 Bc6 43. Rb6 Nd2+ 44. Nxd2 exd2 45. Ke2 Kc5 46. Rxc6+ 1/2-1/2

[Event "ch-FRA Accession 2014"]
[Site "Nimes FRA"]
[Date "2014.08.27"]
[Round "10.1"]
[White "Lagarde, Maxime"]
[Black "Fantinel, Thibault"]
[Result "1-0"]
[WhiteTitle "GM"]
[BlackTitle "FM"]
[WhiteElo "2534"]
[BlackElo "2272"]
[WhiteFideId "662399"]
[BlackFideId "663395"]
[EventDate "2014.08.17"]

1. e4 c5 2. Nf3 Nc6 3. d4 cxd4 4. Nxd4 e5 5. Nb5 d6 6. a4 Nf6 7. N1c3 a6 8. Na3
Bg4 9. Be2 Bxe2 10. Qxe2 Nd4 11. Qd3 d5 12. O-O dxe4 13. Nxe4 Be7 14. Nc4 Rc8
15. Nxf6+ Bxf6 16. c3 Ne6 17. Nd6+ Kf8 18. Rd1 Rc7 19. Be3 Rd7 20. c4 g6 21. c5
Qc7 22. Rac1 Qc6 23. Qa3 Kg7 24. b4 Rhd8 25. Qb3 Be7 26. f3 h5 27. b5 axb5 28.
axb5 Qc7 29. Qb2 Bf6 30. Rd5 Nf4 31. Bxf4 exf4 32. Qd2 Be7 33. Ne8+ Rxe8 34.
Rxd7 Bxc5+ 35. Kf1 Qe5 36. Rd5 Be3 37. Rxe5 Bxd2 38. Rxe8 Bxc1 39. Rb8 1-0

[Event "ch-FRA Accession 2014"]
[Site "Nimes FRA"]
[Date "2014.08.27"]
[Round "10.2"]
[White "Navrotescu, Catalin"]
[Black "Barbot, Pierre1"]
[Result "0-1"]
[WhiteTitle "IM"]
[BlackTitle "FM"]
[WhiteElo "2406"]
[BlackElo "2409"]
[WhiteFideId "1200208"]
[BlackFideId "663727"]
[EventDate "2014.08.17"]

1. c4 Nf6 2. g3 e6 3. Bg2 d5 4. Nf3 dxc4 5. O-O Nbd7 6. Qa4 a6 7. Qxc4 b5 8. Qc2
Bb7 9. a4 Be7 10. axb5 axb5 11. Rxa8 Qxa8 12. Nc3 b4 13. Na4 O-O 14. b3 c5 15.
Bb2 Rc8 16. Ra1 Qb8 17. d3 Bd5 18. Nd2 Qb7 19. Bf3 Bd6 20. Rc1 Qc7 21. Qd1 Qb8
22. Qf1 Qa7 23. Qd1 h6 24. Bg2 Be7 25. Nc4 Rd8 26. Qf1 Qa8 27. h3 Ne8 28. f4 Nc7
29. Ne5 Nxe5 30. Bxe5 Nb5 31. Kh2 Qa7 32. Qd1 Rc8 33. e4 Bb7 34. Qg4 Bf8 35. f5
exf5 36. Qxf5 Rd8 37. Bf1 Bc8 38. Qf2 Nd4 39. Bxd4 Rxd4 40. Qc2 Ba6 41. Nb2 Bb5
42. Be2 Bd6 43. e5 Bxe5 44. Qxc5 Qb8 45. Qc8+ Rd8 46. Qxb8 Rxb8 47. Nc4 Bc3 48.
Bf3 Rd8 49. Rd1 g6 50. g4 f5 51. gxf5 gxf5 52. Rg1+ Kf8 53. Kg3 Rxd3 54. Kf4 Bf6
55. Be2 Rd5 56. Nb6 Rd4+ 57. Kf3 Bc6+ 58. Kf2 Rh4 59. Rd1 Rf4+ 60. Ke3 Re4+ 61.
Kd3 Rd4+ 62. Ke3 f4+ 63. Kf2 Rxd1 0-1

[Event "ch-FRA Accession 2014"]
[Site "Nimes FRA"]
[Date "2014.08.27"]
[Round "10.3"]
[White "Apicella, Manuel"]
[Black "Demuth, Adrien"]
[Result "0-1"]
[WhiteTitle "GM"]
[BlackTitle "IM"]
[WhiteElo "2520"]
[BlackElo "2518"]
[WhiteFideId "600164"]
[BlackFideId "642274"]
[EventDate "2014.08.17"]

1. e4 e5 2. Nf3 Nc6 3. Bb5 a6 4. Ba4 Nge7 5. O-O g6 6. c3 Bg7 7. d4 exd4 8. cxd4
b5 9. Bb3 O-O 10. h3 d6 11. Nc3 Na5 12. Bc2 Bb7 13. a3 Qd7 14. Re1 Rae8 15. d5
c6 16. dxc6 Nexc6 17. Nd5 Nc4 18. Rb1 Kh8 19. b3 N4e5 20. Bb2 f5 21. Nxe5 dxe5
22. exf5 gxf5 23. Ne3 Nd4 24. f3 Rd8 25. Nf1 e4 26. fxe4 Nxc2 27. Qxc2 Bxe4 28.
Bxg7+ Qxg7 29. Rxe4 fxe4 30. Qxe4 Qd4+ 31. Qxd4+ Rxd4 32. Ne3 h5 33. Kh2 Rd3 34.
Nc2 a5 35. Re1 Rd2 36. Re5 Rxc2 37. Rxh5+ Kg7 38. Rxb5 Rff2 39. Rg5+ Kf6 40. h4
Rf5 41. Rg3 Rf4 42. Kh3 Rc1 43. Rg5 Rc3+ 44. g3 Rf5 45. Rg8 Rxb3 46. Kg4 Kf7 47.
Ra8 Rbb5 48. Ra7+ Kg6 49. Ra6+ Kg7 50. Ra7+ Rf7 51. Ra6 Rd7 52. Kh3 Rc5 53. Ra8
Rd3 54. Ra7+ Kg6 55. Ra6+ Kh5 56. a4 Rd4 57. Ra8 Kg6 58. Ra6+ Kf7 59. Ra7+ Ke6
60. Ra6+ Kd7 61. Ra7+ Kc6 62. Rh7 Rxa4 63. h5 Ra1 64. g4 a4 65. h6 a3 66. Ra7
Kb6 67. Ra8 Rc3+ 68. Kh4 Rh1+ 69. Kg5 Rc5+ 70. Kg6 Ra5 0-1

[Event "ch-FRA Accession 2014"]
[Site "Nimes FRA"]
[Date "2014.08.27"]
[Round "10.4"]
[White "Moussard, Jules"]
[Black "Veys, Vincent"]
[Result "1-0"]
[WhiteTitle "IM"]
[WhiteElo "2423"]
[BlackElo "2143"]
[WhiteFideId "642908"]
[BlackFideId "20641567"]
[EventDate "2014.08.17"]

1. Nf3 Nf6 2. c4 c6 3. e3 d5 4. b3 Bg4 5. Bb2 Nbd7 6. d4 e6 7. Nbd2 Bd6 8. Be2
O-O 9. O-O Qc7 10. c5 Be7 11. b4 Bxf3 12. Nxf3 Ne4 13. Ne1 e5 14. Nf3 exd4 15.
Nxd4 Rfc8 16. Qc2 b6 17. b5 bxc5 18. Nxc6 Bd6 19. g3 Nef6 20. Rfd1 Ne5 21. Bxe5
Bxe5 22. Rac1 Bd6 23. Bf3 a6 24. a4 axb5 25. axb5 Qb6 26. Qe2 d4 27. exd4 cxd4
28. Ne7+ Bxe7 29. Bxa8 Bc5 30. Bc6 Qa7 31. Ra1 Qc7 32. Kg2 Qd8 33. Qe5 Bb6 34.
Bb7 Rc2 35. Ra8 Rxf2+ 36. Kg1 Qxa8 37. Bxa8 1-0

[Event "ch-FRA Accession 2014"]
[Site "Nimes FRA"]
[Date "2014.08.27"]
[Round "10.5"]
[White "Brochet, Philippe"]
[Black "Bellahcene, Bilel"]
[Result "1/2-1/2"]
[WhiteTitle "IM"]
[BlackTitle "FM"]
[WhiteElo "2400"]
[BlackElo "2357"]
[WhiteFideId "602469"]
[BlackFideId "696358"]
[EventDate "2014.08.17"]

1. e4 c5 2. Nc3 a6 3. Nge2 d6 4. g3 e5 5. Nd5 Nc6 6. c3 f5 7. d3 Be7 8. Bg2 Nf6
9. b4 cxb4 10. cxb4 Nxd5 11. exd5 Nd4 12. Nxd4 exd4 13. O-O O-O 14. Re1 Bf6 15.
Bd2 Bd7 16. Rc1 Qb6 17. Qb3 Be5 18. f4 Bf6 19. a4 Rfe8 20. Rxe8+ Rxe8 21. Bf3
Rc8 22. Rc6 bxc6 23. dxc6+ Kh8 24. cxd7 Rf8 25. Qe6 g6 26. b5 axb5 27. a5 Qc7
28. a6 Kg7 29. Bb4 Qc1+ 30. Qe1 Qc7 31. Qa1 Qa7 32. Bxd6 Rd8 33. Bc6 Qb6 34. Qc1
Qxa6 35. Qc5 Qa1+ 36. Kg2 Qa2+ 37. Kh3 Qe2 38. Be5 Qg4+ 39. Kg2 Qe2+ 40. Kh3
Qg4+ 41. Kg2 1/2-1/2

[Event "ch-FRA Accession 2014"]
[Site "Nimes FRA"]
[Date "2014.08.27"]
[Round "10.6"]
[White "Wirig, Anthony"]
[Black "Velten, Paul"]
[Result "0-1"]
[WhiteTitle "GM"]
[BlackTitle "IM"]
[WhiteElo "2506"]
[BlackElo "2437"]
[WhiteFideId "615013"]
[BlackFideId "681091"]
[EventDate "2014.08.17"]

1. e4 e6 2. d4 d5 3. Nc3 Nc6 4. Nf3 Nf6 5. Bd3 Bb4 6. O-O Bxc3 7. exd5 exd5 8.
bxc3 O-O 9. Bg5 Bg4 10. h3 Bh5 11. Rb1 b6 12. Rb5 a6 13. Bxf6 gxf6 14. Rb1 Qd6
15. g4 Bg6 16. Nh4 Rfe8 17. Qf3 Kg7 18. Rbe1 b5 19. Re3 Rad8 20. Nf5+ Bxf5 21.
Qxf5 Rh8 22. Rfe1 Qd7 23. Qh5 Rdg8 24. Bf5 Qd8 25. Be6 fxe6 26. Rxe6 Qd7 27. g5
h6 28. Rxf6 Rh7 29. Rxh6 Qf5 30. Ree6 Qxe6 31. Rxh7+ Kf8 32. h4 Ne7 33. Qh6+
Qxh6 34. Rxh6 Rg6 35. Rh8+ Kg7 36. Rd8 Rc6 37. h5 Rxc3 38. h6+ Kg6 39. Re8 Nf5
40. Rg8+ Kh7 41. Rf8 Nxh6 42. gxh6 Rxc2 43. Kg2 b4 44. Kg3 Rxa2 45. Kg4 Kxh6 46.
f4 Rg2+ 47. Kf5 b3 48. Rb8 b2 49. Ke6 a5 50. f5 Kg5 51. Rg8+ Kf4 52. Rb8 Re2+ 0-1

[Event "ch-FRA Accession 2014"]
[Site "Nimes FRA"]
[Date "2014.08.27"]
[Round "10.7"]
[White "Lazarev, Vladimir"]
[Black "Sochacki, Christophe"]
[Result "1/2-1/2"]
[WhiteTitle "GM"]
[BlackTitle "IM"]
[WhiteElo "2400"]
[BlackElo "2431"]
[WhiteFideId "4113250"]
[BlackFideId "662569"]
[EventDate "2014.08.17"]

1. d4 d5 2. c4 e6 3. Nf3 Nf6 4. g3 Be7 5. Bg2 O-O 6. O-O dxc4 7. Qc2 a6 8. a4
Bd7 9. Qxc4 Bc6 10. Bf4 Nbd7 11. Nc3 Nb6 12. Qb3 a5 13. Bg5 Ne4 14. Bxe7 Qxe7
15. Nxe4 Bxe4 16. Rfc1 Rfd8 17. e3 Nd5 18. Qc4 c6 19. Ra3 Qb4 20. Rb3 Qxc4 21.
Rxc4 b5 22. Rc5 bxa4 23. Ra3 Rdb8 24. Ne5 Bxg2 25. Kxg2 Rxb2 26. Nxc6 Nb4 27.
Rxa4 Nd3 28. Rcxa5 Rxa5 29. Rxa5 g6 30. Ne5 Rxf2+ 31. Kg1 Rd2 32. Nxd3 Rxd3 33.
Re5 Rd2 34. g4 h6 35. h4 Kf8 36. g5 h5 37. Re4 Ke7 38. Rf4 Re2 39. Rf3 Ke8 40.
Kf1 Rh2 41. Rf4 Ke7 42. Kg1 Rc2 43. Rf3 1/2-1/2

[Event "ch-FRA Accession 2014"]
[Site "Nimes FRA"]
[Date "2014.08.27"]
[Round "10.8"]
[White "Collas, Didier"]
[Black "Favarel, Antoine"]
[Result "1/2-1/2"]
[WhiteTitle "IM"]
[BlackTitle "FM"]
[WhiteElo "2362"]
[BlackElo "2362"]
[WhiteFideId "602680"]
[BlackFideId "642371"]
[EventDate "2014.08.17"]

1. b3 e5 2. Bb2 Nc6 3. e3 Nf6 4. c4 Be7 5. a3 a5 6. Qc2 O-O 7. Nf3 d6 8. d4 exd4
9. exd4 Bg4 10. Be2 d5 11. c5 Ne4 12. Nbd2 Bf5 13. Bd3 Nxd2 14. Nxd2 Bxd3 15.
Qxd3 Bg5 16. O-O Bxd2 17. Qxd2 Re8 18. Rae1 Qd7 19. f3 Rxe1 20. Rxe1 a4 21. b4
Re8 22. Kf2 Na7 23. g4 Re6 24. Rxe6 Qxe6 25. Qd1 Qe8 26. Bc1 h6 27. Bf4 Qd7 28.
h4 Kf8 29. h5 Kg8 30. Kg3 Kf8 31. Qc2 Kg8 32. Kf2 Qc6 33. Kg3 Qd7 34. Kf2 Qc6
35. Kg3 Qd7 1/2-1/2

[Event "ch-FRA Accession 2014"]
[Site "Nimes FRA"]
[Date "2014.08.27"]
[Round "10.9"]
[White "Duboue, Peio"]
[Black "Dionisi, Thomas"]
[Result "0-1"]
[BlackTitle "FM"]
[WhiteElo "2272"]
[BlackElo "2400"]
[WhiteFideId "654833"]
[BlackFideId "651893"]
[EventDate "2014.08.17"]

1. e4 c5 2. Nf3 Nc6 3. d4 cxd4 4. Nxd4 Nf6 5. Nc3 d6 6. Be2 e6 7. Be3 Be7 8. O-O
O-O 9. Qd2 a6 10. Rad1 Qc7 11. f4 Na5 12. g4 b5 13. g5 b4 14. Ncb5 axb5 15. gxf6
Bxf6 16. Nxb5 Qc6 17. Qxb4 Qxc2 18. Rd2 Nc6 19. Qc4 Qxc4 20. Bxc4 Ba6 21. Rc1
Na5 22. Bf1 Bxb5 23. Bxb5 Rab8 24. Ba6 Bxb2 25. Rcc2 Ba3 26. Rd3 Ra8 27. Rxa3
Rxa6 28. Bd2 Rc6 29. Rxc6 Nxc6 30. Rc3 Nd4 31. Kf2 Ra8 32. a4 Kf8 33. Rc4 Nb3
34. Bc3 f6 35. Ke3 e5 36. Bb4 exf4+ 37. Kxf4 Nc5 38. Bxc5 dxc5 39. e5 Kf7 40.
Kf5 g6+ 41. Ke4 f5+ 42. Kd5 Rd8+ 43. Kc6 Ke6 44. Rxc5 f4 45. a5 f3 46. Kb7 f2
47. Rc1 Rf8 0-1

[Event "ch-FRA Accession 2014"]
[Site "Nimes FRA"]
[Date "2014.08.27"]
[Round "10.10"]
[White "Le Corre, Benjamin"]
[Black "Mancini, Mario"]
[Result "1-0"]
[WhiteTitle "FM"]
[BlackTitle "FM"]
[WhiteElo "2266"]
[BlackElo "2209"]
[WhiteFideId "639605"]
[BlackFideId "605077"]
[EventDate "2014.08.17"]

1. e4 c5 2. Nf3 e6 3. d4 cxd4 4. Nxd4 a6 5. Nc3 b5 6. Bd3 Qb6 7. Nf3 Qc7 8. O-O
d6 9. a4 b4 10. Na2 Bb7 11. Bd2 Nf6 12. Qe2 a5 13. c3 bxc3 14. Nxc3 Nfd7 15. b4
Be7 16. Nb5 Qd8 17. Bg5 f6 18. Nfd4 Nf8 19. Bd2 axb4 20. Qh5+ g6 21. Qh3 Kf7 22.
Bh6 Qd7 23. f4 Na6 24. f5 e5 25. Bxf8 Kxf8 26. Ne6+ Kg8 27. Bc4 d5 28. Rad1 Rf8
29. Nxf8 Bxf8 30. Bxd5+ Bxd5 31. Rxd5 Qf7 32. Rc1 h5 33. fxg6 Qxg6 34. Qe6+ Qf7
35. Qxa6 1-0

[Event "ch-FRA Accession 2014"]
[Site "Nimes FRA"]
[Date "2014.08.27"]
[Round "10.11"]
[White "Malka, Samuel"]
[Black "Briet, Antoine"]
[Result "1-0"]
[BlackTitle "FM"]
[WhiteElo "2226"]
[BlackElo "2254"]
[WhiteFideId "20643675"]
[BlackFideId "644641"]
[EventDate "2014.08.17"]

1. Nf3 Nf6 2. c4 g6 3. Nc3 Bg7 4. e4 c5 5. d4 Qa5 6. Bd2 cxd4 7. Nxd4 Nc6 8. Nb3
Qd8 9. Be2 O-O 10. O-O d6 11. Be3 b6 12. f4 Bb7 13. Bf3 Nd7 14. Qd2 Rc8 15. Rac1
Nc5 16. Nd5 e6 17. Nc3 Qe7 18. Rce1 Ba6 19. Qe2 Nb4 20. Nxc5 bxc5 21. Rc1 d5 22.
exd5 Bxc3 23. Rxc3 exd5 24. Bd2 Qf6 25. Re1 Bxc4 26. Qe7 Qb6 27. f5 Nc6 28. Qh4
Nd4 29. fxg6 Qxg6 30. Bxd5 Nf5 31. Qxc4 1-0

[Event "ch-FRA Accession 2014"]
[Site "Nimes FRA"]
[Date "2014.08.27"]
[Round "10.12"]
[White "Eden, James"]
[Black "Weller, Jean-Luc"]
[Result "1-0"]
[WhiteElo "2192"]
[BlackElo "2203"]
[WhiteFideId "666491"]
[BlackFideId "421936"]
[EventDate "2014.08.17"]

1. e4 e6 2. d4 d5 3. Nd2 Be7 4. c3 c5 5. Ngf3 Nf6 6. exd5 Qxd5 7. Bc4 Qd8 8.
dxc5 Bxc5 9. O-O Qc7 10. Qe2 O-O 11. Ne4 Nbd7 12. Nxc5 Qxc5 13. Be3 Qh5 14. Bd4
b6 15. Ne5 Qxe2 16. Bxe2 Bb7 17. Nxd7 Nxd7 18. a4 Nc5 19. Ra3 a5 20. b4 axb4 21.
cxb4 Nxa4 22. Bb5 Rfd8 23. Be3 Rd5 24. Bc4 b5 25. Bxd5 Bxd5 26. Raa1 Kf8 27. f4
g6 28. Bd4 Ke7 29. g4 h6 30. Kf2 f6 31. Ke3 Rd8 32. g5 hxg5 33. fxg5 e5 34.
gxf6+ Ke6 35. Bc5 Kf7 36. Rf2 Rh8 37. Bd6 Rh3+ 38. Kd2 e4 39. Bg3 Rh8 40. Ke3
Rc8 41. Be5 Rf8 42. Bd4 Rh8 43. Rg1 Rb8 44. Rfg2 Nb6 45. Bxb6 Rxb6 46. Rxg6 Rc6
47. h4 Rc3+ 48. Kd4 Rd3+ 49. Ke5 e3 50. Rg7+ Kf8 51. Rd7 e2 52. Rd8+ 1-0

[Event "ch-FRA Accession 2014"]
[Site "Nimes FRA"]
[Date "2014.08.27"]
[Round "10.13"]
[White "Giroyan, Gary"]
[Black "Louis, Thibault"]
[Result "1-0"]
[WhiteTitle "IM"]
[WhiteElo "2359"]
[BlackElo "2235"]
[WhiteFideId "680281"]
[BlackFideId "681369"]
[EventDate "2014.08.17"]

1. e4 e6 2. d4 d5 3. Nd2 Nc6 4. Ngf3 Nf6 5. e5 Nd7 6. Nb3 a5 7. a4 Be7 8. Bb5
Na7 9. Bd3 b6 10. O-O O-O 11. c4 dxc4 12. Bxc4 Bb7 13. Re1 Nb8 14. Nfd2 Bd5 15.
Qg4 Nbc6 16. Re3 f5 17. exf6 Bxf6 18. Bxd5 Qxd5 19. Ne4 Qf5 20. Nxf6+ Rxf6 21.
Qxf5 exf5 22. Bd2 Rd8 23. Bc3 Rfd6 24. Rae1 Nc8 25. h4 Kf7 26. Nd2 Nxd4 27. Nc4
Nc2 28. Nxd6+ cxd6 29. Rg3 Nxe1 30. Rxg7+ Ke6 31. Bxe1 Rd7 32. Rxd7 Kxd7 33. Kf1
Ke6 34. Ke2 Kd5 35. Kd3 Ne7 36. f3 Nc6 37. Bf2 Ne5+ 38. Kc3 Nd7 39. h5 Kc6 40.
Bd4 Kd5 41. g4 fxg4 42. fxg4 Nc5 43. Bxc5 bxc5 44. g5 Ke5 45. g6 hxg6 46. hxg6
Kf6 47. Kc4 Kxg6 48. Kd5 1-0

[Event "ch-FRA Accession 2014"]
[Site "Nimes FRA"]
[Date "2014.08.27"]
[Round "10.14"]
[White "Le Goff, Ronan"]
[Black "Houriez, Clement"]
[Result "0-1"]
[BlackTitle "FM"]
[WhiteElo "2143"]
[BlackElo "2295"]
[WhiteFideId "612073"]
[BlackFideId "649708"]
[EventDate "2014.08.17"]

1. d4 Nf6 2. Nf3 e6 3. e3 b6 4. Bd3 Bb7 5. O-O c5 6. b3 d6 7. Bb2 Nbd7 8. c4 g6
9. Nc3 Bg7 10. Nb5 Qb8 11. dxc5 bxc5 12. Be2 d5 13. cxd5 exd5 14. Rc1 O-O 15. h3
Rd8 16. Qc2 a6 17. Nc3 Qd6 18. Rfd1 Qe6 19. Na4 Rac8 20. Ng5 Qe8 21. Nf3 h6 22.
Bc3 Qe6 23. Qb2 Re8 24. Re1 Rb8 25. Qc2 Bf8 26. Bd3 Bc6 27. Ba1 Bxa4 28. bxa4 c4
29. Bf1 Bg7 30. Bd4 Ne4 31. Red1 Ndc5 32. Rb1 Qc6 33. a5 Na4 34. Bxg7 Kxg7 35.
Nd4 Qd7 36. Rxb8 Rxb8 37. Ne2 Qb5 38. Nf4 Nec3 39. Nxd5 Nxd5 40. Bxc4 Qb2 41.
Qxa4 Nc3 42. Qd7 Nxd1 43. Qxd1 Rc8 44. Bf1 Rc1 45. Qb3 Qd2 46. e4 Kg8 47. Qb8+
Kg7 48. Qb3 Rc2 49. Qg3 Qxa5 50. Qd6 Rc1 51. e5 Qxa2 52. Qf6+ Kh7 53. Qf4 Re1
54. g3 a5 55. h4 Qe6 56. h5 g5 57. Qf3 Rxe5 58. Bd3+ Kg7 59. Qb7 Qf6 60. Qc7 g4
61. Qc4 Re1+ 62. Bf1 Qe6 63. Qd4+ Re5 64. Bc4 Qf5 65. Be2 Qe4 0-1

[Event "ch-FRA Accession 2014"]
[Site "Nimes FRA"]
[Date "2014.08.27"]
[Round "10.15"]
[White "N'guyen, Emilien"]
[Black "Mirimanian, Hayk"]
[Result "0-1"]
[WhiteElo "2167"]
[BlackElo "2260"]
[WhiteFideId "26035898"]
[BlackFideId "4700180"]
[EventDate "2014.08.17"]

1. d4 d6 2. c4 e5 3. Nf3 exd4 4. Nxd4 g6 5. e4 Bg7 6. Nc3 Ne7 7. h4 Nbc6 8. Be3
f5 9. h5 fxe4 10. Nxe4 Bf5 11. Ng5 Qd7 12. Qd2 O-O-O 13. O-O-O Nxd4 14. Bxd4
Bxd4 15. Qxd4 Qa4 16. Bd3 Nc6 17. Bxf5+ gxf5 18. Qd3 Rhg8 19. Qxf5+ Kb8 20. b3
Qxa2 21. Ne6 Rde8 22. Rhe1 Qxb3 23. Qxh7 Qxc4+ 24. Kb1 Nb4 25. Rd2 Qb3+ 26. Ka1
Qc3+ 0-1

[Event "ch-FRA Accession 2014"]
[Site "Nimes FRA"]
[Date "2014.08.28"]
[Round "11.1"]
[White "Demuth, Adrien"]
[Black "Lagarde, Maxime"]
[Result "1/2-1/2"]
[WhiteTitle "IM"]
[BlackTitle "GM"]
[WhiteElo "2518"]
[BlackElo "2534"]
[WhiteFideId "642274"]
[BlackFideId "662399"]
[EventDate "2014.08.17"]

1. d4 d5 2. c4 c6 3. cxd5 cxd5 4. Nc3 Nf6 5. Bf4 Nc6 6. e3 Bf5 7. Nf3 e6 8. Bd3
Bxd3 9. Qxd3 Bd6 10. Bxd6 Qxd6 11. O-O O-O 12. h3 h6 13. Nd2 Rfc8 14. Rfc1 Nd7
15. a3 Ne7 16. Ne2 Rxc1+ 17. Rxc1 Rc8 18. Rxc8+ Nxc8 19. Qc2 Ne7 20. Nf4 Qc6 21.
Qxc6 Nxc6 22. Nd3 b6 23. Kf1 Kf8 24. Ke2 Ke7 25. g4 g5 26. b4 a5 27. b5 Na7 28.
a4 Nc8 29. Ne5 Nd6 30. Nxd7 Kxd7 31. Kd3 Ke7 32. f3 f5 33. e4 fxe4+ 34. fxe4
Nxe4 35. Nxe4 dxe4+ 36. Kxe4 Kd6 37. Ke3 Kd5 38. Kd3 e5 39. dxe5 Kxe5 40. Ke3
Kd5 1/2-1/2

[Event "ch-FRA Accession 2014"]
[Site "Nimes FRA"]
[Date "2014.08.28"]
[Round "11.2"]
[White "Barbot, Pierre1"]
[Black "Brochet, Philippe"]
[Result "1/2-1/2"]
[WhiteTitle "FM"]
[BlackTitle "IM"]
[WhiteElo "2409"]
[BlackElo "2400"]
[WhiteFideId "663727"]
[BlackFideId "602469"]
[EventDate "2014.08.17"]

1. d4 d5 2. Nf3 Nf6 3. c4 dxc4 4. e3 Be6 5. Nc3 c6 6. Ng5 Bf5 7. Bxc4 e6 8. e4
Bg6 9. e5 Nd5 10. O-O Be7 11. Nge4 Nxc3 12. Nxc3 Nd7 13. Bb3 Nb6 14. Be3 Qd7 15.
Rc1 Nd5 16. Qe2 O-O 17. a3 Rfd8 18. Rfd1 Rac8 19. Bd2 Nxc3 20. Bxc3 Qc7 21. Qe1
Bg5 22. Ba5 Qd7 23. Ra1 Re8 24. Bb4 Bd8 25. Rac1 Bh5 26. f3 Bg5 27. Rc3 Be7 28.
Bc5 b6 29. Bxe7 Rxe7 30. Ba4 b5 31. Bb3 a5 32. Rc5 a4 33. Bc2 Bg6 34. Be4 Ree8
35. Qc3 Bxe4 36. fxe4 Red8 37. g3 h6 38. Kf2 Rf8 39. Kg1 Rfd8 40. Kg2 Kh8 41.
Rd2 Kg8 42. h4 Kh8 43. Kh2 Kg8 44. g4 Qe7 45. Kg3 f6 46. Rxc6 Rxc6 47. Qxc6 fxe5
48. d5 Qa7 49. Qc3 exd5 50. exd5 Qg1+ 51. Rg2 Qd1 52. Qxe5 Qd3+ 53. Kh2 Rxd5 54.
Qe6+ Kh7 55. g5 hxg5 56. hxg5 Qf3 57. Qh3+ Qxh3+ 58. Kxh3 Rd3+ 1/2-1/2

[Event "ch-FRA Accession 2014"]
[Site "Nimes FRA"]
[Date "2014.08.28"]
[Round "11.3"]
[White "Fantinel, Thibault"]
[Black "Moussard, Jules"]
[Result "0-1"]
[WhiteTitle "FM"]
[BlackTitle "IM"]
[WhiteElo "2272"]
[BlackElo "2423"]
[WhiteFideId "663395"]
[BlackFideId "642908"]
[EventDate "2014.08.17"]

1. c4 e5 2. Nc3 Nf6 3. Nf3 Nc6 4. e4 Bb4 5. d3 d6 6. a3 Bxc3+ 7. bxc3 h6 8. g3
Be6 9. Bg2 Qd7 10. Rb1 b6 11. h3 Na5 12. Nh4 O-O-O 13. Qf3 c6 14. Nf5 d5 15.
cxd5 cxd5 16. O-O dxe4 17. dxe4 Bxf5 18. exf5 e4 19. Qf4 Rhe8 20. c4 Nxc4 21. g4
Nd5 22. Qg3 Qc7 23. Qb3 Kb8 24. Re1 Nf6 25. g5 hxg5 26. Bxg5 Rd3 27. Qc2 Nd2 28.
Qxc7+ Kxc7 29. Rbc1+ Kb8 30. Bf4+ Ka8 31. Rcd1 Nf3+ 32. Bxf3 Rxf3 33. Bg3 Rxa3
34. Rc1 Nd5 35. Red1 Rd3 36. Rxd3 exd3 37. Rd1 Kb7 38. Rxd3 Kc6 39. Rd4 b5 40.
Rg4 b4 0-1

[Event "ch-FRA Accession 2014"]
[Site "Nimes FRA"]
[Date "2014.08.28"]
[Round "11.4"]
[White "Velten, Paul"]
[Black "Apicella, Manuel"]
[Result "1/2-1/2"]
[WhiteTitle "IM"]
[BlackTitle "GM"]
[WhiteElo "2437"]
[BlackElo "2520"]
[WhiteFideId "681091"]
[BlackFideId "600164"]
[EventDate "2014.08.17"]

1. d4 e6 2. Nf3 Nf6 3. Bg5 c5 4. e3 Be7 5. Bd3 d5 6. O-O Nbd7 7. c3 b6 8. Nbd2
Bb7 9. a3 Ne4 10. Bxe7 Qxe7 11. Bb5 O-O 12. Bxd7 Qxd7 13. Ne5 Qc7 14. f4 f6 15.
Nef3 cxd4 16. Nxe4 dxe4 17. Nxd4 Bd5 18. Qg4 f5 19. Qh4 Rf6 20. Qe1 Bc4 21. Rf2
e5 22. fxe5 Qxe5 23. Rf4 Raf8 24. h4 g6 25. Qg3 h6 26. b3 Bd3 27. Ra2 Kh7 28.
Qh3 R8f7 29. Raf2 h5 30. a4 Qa5 31. c4 Qe1+ 32. Kh2 a6 33. Qg3 Qd1 34. Rb2 Qc1
35. Qf2 Rd7 36. Qd2 Qxd2 37. Rxd2 a5 38. Nb5 Kh6 39. Nc3 g5 40. hxg5+ Kxg5 41.
Rdf2 Rdf7 42. Kg1 Rd6 43. Rd2 Rh7 44. Nb5 Rdd7 45. Kf2 h4 46. Kg1 Rh6 47. Kh2
Kg6 48. Rdf2 Rh5 49. Kh3 Bb1 50. Nc3 Rd3 51. Nxb1 Rxb3 52. Rf1 Rxe3+ 53. Kh2 h3
54. g4 fxg4 55. Rxg4+ Rg5 56. Rfg1 Rxg4 57. Rxg4+ Kf5 58. Rg1 Rd3 59. Rc1 Kg4
60. Rg1+ Kf3 61. Nc3 e3 1/2-1/2